Vztahy EU a USA v kontextu společné zahraniční a bezpečnostní politiky Evropské unie
História primárneho práva EÚ. Ustanovenia primárneho práva EÚ o zahraničnej politike. Organizačné zabezpečenie zahraničnej politiky v primárnom práve. Konkrétne dopady primárneho práva EÚ v zťahy k USA.
Gespeichert in:
| 1. Verfasser: | |
|---|---|
| Format: | Buchkapitel |
| Sprache: | Tschechisch |
| Schlagworte: | |
| Tags: |
Keine Tags, Fügen Sie das erste Tag hinzu!
|
MARC
| LEADER | 00000naa a2200000 4500 | ||
|---|---|---|---|
| 001 | 0205617 | ||
| 005 | 20220713131401.1 | ||
| 041 | 0 | |a cze | |
| 044 | |a CZ | ||
| 245 | 1 | 0 | |a Vztahy EU a USA v kontextu společné zahraniční a bezpečnostní politiky Evropské unie |c Petr Wawrosz |
| 520 | |a História primárneho práva EÚ. Ustanovenia primárneho práva EÚ o zahraničnej politike. Organizačné zabezpečenie zahraničnej politiky v primárnom práve. Konkrétne dopady primárneho práva EÚ v zťahy k USA. | ||
| 610 | 2 | 0 | |a Európska únia |
| 610 | 2 | 0 | |a USA |
| 610 | 2 | 0 | |a politika bezpečnostná |
| 610 | 2 | 0 | |a politika zahraničná |
| 610 | 2 | 0 | |a právo primárne |
| 100 | 1 | |a Wawrosz, Petr | |